José Luis Coll (Registro nro. 181325)

Detalles MARC
000 -LEADER
campo de control de longitud fija 00709nam a2200217 i 4500
001 - NÚMERO DE CONTROL
campo de control 181325
003 - IDENTIFICADOR DE NÚMERO DE CONTROL
campo de control ES-MaACL
005 - FECHA Y HORA DE LA ÚLTIMA TRANSACCIÓN
campo de control 20230906221331.0
008 - DATOS DE LONGITUD FIJA--INFORMACIÓN GENERAL
campo de control de longitud fija 121210s2007 sp a | |||||||| | spa d
020 ## - NÚMERO INTERNACIONAL ESTÁNDAR DEL LIBRO
Número Internacional Estándar del Libro 978-84-96890-32-9
080 ## - NÚMERO DE LA CLASIFICACIÓN DECIMAL UNIVERSAL
Número de la Clasificación Decimal Universal 929 Coll, José Luis (082.2)
245 00 - MENCIÓN DEL TÍTULO
Título José Luis Coll
Resto del título : in memoriam (liber amicorum) /
Mención de responsabilidad, etc. José Vicente Ávila... [et al.].
260 ## - PUBLICACIÓN, DISTRIBUCIÓN, ETC.
Lugar de publicación, distribución, etc. [Cuenca] :
Nombre del editor, distribuidor, etc. Diputación de Cuenca,
Fecha de publicación, distribución, etc. [2007]
300 ## - DESCRIPCIÓN FÍSICA
Extensión 166 p. :
Otras características físicas il. ;
Dimensiones 20 cm.
490 1# - MENCIÓN DE SERIE
Mención de serie Colección Atalaya ;
Designación de volumen o secuencia n. 23
600 04 - PUNTO DE ACCESO ADICIONAL DE MATERIA--NOMBRE DE PERSONA
Nombre de persona Coll, José Luis.
9 (RLIN) 39614
700 1# - ENTRADA AGREGADA--NOMBRE PERSONAL
Nombre de persona Ávila, José Vicente.
9 (RLIN) 151942
830 0# - PUNTO DE ACCESO ADICIONAL DE SERIE-TÍTULO UNIFORME
Título uniforme Colección Atalaya ;
Designación de volumen o secuencia n. 23
9 (RLIN) 191431
852 ## - LOCALIZACIÓN
Ubicación ES-MaACL
Número de control de estantería N-5375
Existencias
Estatus retirado Estado de pérdida Estado de daño No para préstamo Biblioteca de origen Biblioteca actual Ubicación en estantería Fecha de adquisición Fuente de adquisición Total de préstamos Signatura topográfica completa Código de barras Visto por última vez Precio de reemplazo Tipo de ítem Koha
        Biblioteca del Ateneo de Madrid Biblioteca del Ateneo de Madrid Sala Pecera Depósito 2 10/12/2012     N-5375 1190548 23/02/2023 23/02/2023 Libro impreso